Clicktional Destinations II Quiz Stats

 Plays Quiz Updated Jul 24, 2013

Challenge
Share
Tweet
Embed
Score 0/25 Timer 08:00
0 Plays Today
% Correct
Jurassic Park
94.7%
The Black Pearl
92.8%
Camelot
92.1%
Death Star
90.3%
Monsters, Inc.
81.4%
McKinley High School
80.5%
Café Nervosa
64.8%
The Island of Misfit Toys
64.7%
TARDIS
64.6%
Hill Valley
63.9%
Mrs. Lovett's Pie Shop
59.5%
Bada Bing!
59.2%
Galactica
54.5%
% Correct
Banana Stand
48.6%
Fangtasia
48.5%
Coolsville
47.5%
Rick's Café
46.5%
Duloc
45.4%
Pawnee
44.1%
Qarth
43.8%
Greendale Community College
42.1%
Hyrule
39.8%
Honker Burger
35.2%
Psych
31.2%
Agrestic
24.9%

You're not logged in!

Compare scores with friends on all Sporcle quizzes.
Join for Free
OR
Log In

You Might Also Like...

Show Comments

Extras

Top Quizzes Today


Score Distribution

Your Account Isn't Verified!

In order to create a playlist on Sporcle, you need to verify the email address you used during registration. Go to your Sporcle Settings to finish the process.

Report this User

Report this user for behavior that violates our Community Guidelines.

Details: